25 Random Countries with Neighbours on the World Map - Whammies - Statistics

General Stats
  • This quiz has been taken 8,577 times
  • The average score is 8 of 25
Answers on the Map
Answers color-coded by a green-red scale on the quiz's map according to % correct below.
 
Answer Stats
Country % Correct
United States
92%
Brazil
80%
Mexico
78%
Russia
78%
Canada
76%
China
66%
Peru
64%
Argentina
61%
Australia
61%
Colombia
59%
Germany
57%
Spain
57%
United Kingdom
57%
Iceland
56%
Chile
55%
France
55%
Guatemala
54%
Panama
54%
India
53%
South Africa
53%
Bahamas
51%
Honduras
51%
Sweden
50%
Costa Rica
49%
Haiti
48%
Mongolia
48%
New Zealand
48%
Cuba
47%
Philippines
47%
Bolivia
46%
Ireland
46%
Italy
45%
Ecuador
44%
Madagascar
44%
Thailand
44%
Japan
43%
Botswana
42%
Iraq
42%
Uruguay
42%
Chad
41%
Indonesia
41%
Paraguay
41%
Nicaragua
40%
Turkey
40%
Denmark
39%
North Korea
38%
Saudi Arabia
38%
Iran
37%
Morocco
37%
Myanmar
37%
Portugal
37%
Dominican Republic
36%
Kazakhstan
36%
Marshall Islands
36%
Algeria
35%
El Salvador
35%
Finland
35%
Guyana
35%
Laos
35%
Sri Lanka
35%
Venezuela
35%
Andorra
34%
Sudan
34%
Comoros
33%
Jamaica
33%
Maldives
33%
Poland
33%
Cape Verde
32%
Federated States of Micronesia
32%
Gambia
32%
Mauritius
32%
Moldova
32%
Nepal
32%
Samoa
32%
South Korea
32%
Suriname
32%
Yemen
32%
Central African Republic
31%
Egypt
31%
Kenya
31%
Kiribati
31%
Malaysia
31%
Norway
31%
Oman
31%
Tunisia
31%
Belize
30%
Bulgaria
30%
Kuwait
30%
Latvia
30%
Pakistan
30%
Republic of the Congo
30%
Solomon Islands
30%
Taiwan
30%
Vietnam
30%
Afghanistan
29%
Austria
29%
Lesotho
29%
Mali
29%
Nauru
29%
Niger
29%
Papua New Guinea
28%
Switzerland
28%
United Arab Emirates
28%
Vanuatu
28%
Zimbabwe
28%
Bhutan
27%
Fiji
27%
Georgia
27%
Seychelles
27%
Syria
27%
Belgium
26%
Croatia
26%
Libya
26%
São Tomé and Príncipe
26%
Serbia
26%
Bangladesh
25%
Belarus
25%
Burkina Faso
25%
Cambodia
25%
Democratic Republic of the Congo
25%
Eritrea
25%
Israel
25%
Luxembourg
25%
Romania
25%
Uzbekistan
25%
Angola
24%
Kyrgyzstan
24%
Liberia
24%
Djibouti
23%
East Timor
23%
Greece
23%
Hungary
23%
Lithuania
23%
Kosovo
22%
Malta
22%
Mauritania
22%
Monaco
22%
Namibia
22%
Uganda
22%
Bosnia and Herzegovina
21%
Brunei
21%
Gabon
21%
Palau
21%
Qatar
21%
Somalia
21%
Slovenia
20%
Burundi
19%
Cameroon
19%
Guinea
19%
Ivory Coast
19%
Mozambique
19%
Slovakia
19%
Tanzania
19%
Benin
18%
Ethiopia
18%
Netherlands
18%
San Marino
18%
Senegal
18%
Sierra Leone
18%
South Sudan
18%
Tuvalu
18%
Vatican City
18%
Estonia
17%
Montenegro
17%
North Macedonia
17%
Togo
17%
Armenia
16%
Azerbaijan
16%
Cyprus
16%
Equatorial Guinea
16%
Eswatini
16%
Lebanon
16%
Tajikistan
16%
Zambia
16%
Bahrain
15%
Ghana
15%
Liechtenstein
15%
Tonga
15%
Albania
14%
Antigua and Barbuda
14%
Jordan
14%
Rwanda
14%
Trinidad and Tobago
14%
Turkmenistan
14%
Czech Republic
12%
Nigeria
12%
Saint Lucia
11%
Singapore
11%
Barbados
10%
Malawi
10%
Grenada
9%
Saint Kitts and Nevis
9%
Ukraine
9%
Dominica
6%
Guinea-Bissau
6%
Saint Vincent and the Grenadines
0%
No matching quizzes found
Score Distribution
Percent of People with Each Score
Percentile by Number Answered
Your Score History
You have not taken this quiz